[Event "CRO-chT"]
[Site "Pula"]
[Date "1992.??.??"]
[Round "7"]
[White "Lalic, Bogdan"]
[Black "Jukic, Mirko"]
[Result "1/2-1/2"]
[WhiteElo "2515"]
[BlackElo "2455"]
[PlyCount "44"]
[EventDate "1992.??.??"]
[EventType "team-tourn"]
[EventRounds "9"]
[EventCountry "CRO"]
[SourceTitle "EXT 2002"]
[Source "ChessBase"]
[SourceDate "2001.11.25"]
[SourceVersion "1"]
[SourceVersionDate "2001.11.25"]
[SourceQuality "1"]

1. d4 Nf6 2. c4 g6 3. Nc3 d5 4. Nf3 Bg7 5. cxd5 Nxd5 6. e4 Nxc3 7. bxc3 c5 8. Be3 Qa5 9. Qd2 0-0 10. Rc1 cxd4 11. cxd4 Qxd2+ 12. Nxd2 e6 13. Nb3 Nc6 14. Bb5 Rd8 15. Bxc6 bxc6 16. e5 a5 17. 0-0 Ba6 18. Rfd1 Bb5 19. Nc5 a4 20. f4 Bf8 21. Kf2 Bxc5 22. Rxc5 Rd5 1/2-1/2

[Event "Geneve op"]
[Site "Geneve"]
[Date "1992.??.??"]
[Round "6"]
[White "Milosevic, Goran"]
[Black "Jukic, Mirko"]
[Result "1/2-1/2"]
[WhiteElo "2405"]
[BlackElo "2455"]
[PlyCount "20"]
[EventDate "1992.??.??"]
[EventType "swiss"]
[EventRounds "9"]
[EventCountry "SUI"]
[SourceTitle "TD"]
[Source "ChessBase"]
[SourceDate "1994.03.01"]
[SourceVersion "1"]
[SourceVersionDate "1994.03.01"]
[SourceQuality "1"]

1. e4 c5 2. Nf3 d6 3. d4 cxd4 4. Nxd4 Nf6 5. Nc3 a6 6. g3 e6 7. Bg2 Be7 8. 0-0 Qc7 9. a4 Nc6 10. Be3 0-0 1/2-1/2

[Event "Split op"]
[Site "Split"]
[Date "1992.??.??"]
[Round "?"]
[White "Rade, Miroslav"]
[Black "Jukic, Mirko"]
[Result "0-1"]
[WhiteElo "2240"]
[BlackElo "2455"]
[PlyCount "92"]
[EventDate "1992.??.??"]
[EventType "swiss"]
[EventRounds "9"]
[EventCountry "CRO"]
[SourceTitle "EXT 2004"]
[Source "ChessBase"]
[SourceDate "2003.11.25"]
[SourceVersion "1"]
[SourceVersionDate "2003.11.25"]
[SourceQuality "1"]

1. e4 c5 2. Nf3 d6 3. d4 cxd4 4. Nxd4 Nf6 5. Nc3 a6 6. Be3 e6 7. Be2 Be7 8. f4 Qc7 9. 0-0 0-0 10. Kh1 b5 11. Bf3 Bb7 12. e5 dxe5 13. Bxb7 Qxb7 14. fxe5 Nfd7 15. Qh5 b4 16. Nce2 Qe4 17. Bf4 Nb6 18. c3 bxc3 19. bxc3 N8d7 20. Ng3 Qg6 21. Qe2 Rfc8 22. Rad1 Nd5 23. Bd2 N7b6 24. Ne4 Nc4 25. Rf3 Qh5 26. Nxe6 Qxe5 27. Nxg7 Kxg7 28. Rg3+ Kh8 29. Bh6 Nf4 30. Qf3 Nh5 31. Rg5 Bxg5 32. Nxg5 Ra7 33. Qxh5 Qf5 34. Qe2 Ne5 35. Rf1 Qg6 36. Qxe5+ Kg8 37. Qe3 Rac7 38. Ne4 f5 39. Qg3 Rc6 40. Qf4 Rc4 41. Qxf5 Qxf5 42. Rxf5 Rxe4 43. Kg1 Re2 44. Rg5+ Kf7 45. Rg7+ Ke6 46. Ra7 Rxa2 0-1

[Event "Geneve op"]
[Site "Geneve"]
[Date "1992.??.??"]
[Round "2"]
[White "Summermatter, Daniel"]
[Black "Jukic, Mirko"]
[Result "1/2-1/2"]
[WhiteElo "2360"]
[BlackElo "2455"]
[PlyCount "28"]
[EventDate "1992.??.??"]
[EventType "swiss"]
[EventRounds "9"]
[EventCountry "SUI"]
[SourceTitle "TD"]
[Source "ChessBase"]
[SourceDate "1994.03.01"]
[SourceVersion "1"]
[SourceVersionDate "1994.03.01"]
[SourceQuality "1"]

1. d4 Nf6 2. c4 e6 3. g3 c5 4. Nf3 cxd4 5. Nxd4 Bb4+ 6. Bd2 Qb6 7. Bg2 Bc5 8. e3 Nc6 9. Nb3 Be7 10. Nc3 d5 11. cxd5 exd5 12. 0-0 Be6 13. Ne2 0-0 14. Bc3 Rad8 1/2-1/2

[Event "Katowice op"]
[Site "Katowice"]
[Date "1992.??.??"]
[Round "2"]
[White "Wehmeier, Stefan"]
[Black "Jukic, Mirko"]
[Result "0-1"]
[WhiteElo "2315"]
[BlackElo "2455"]
[PlyCount "50"]
[EventDate "1992.01.28"]
[EventType "swiss"]
[EventRounds "9"]
[EventCountry "POL"]
[SourceTitle "TD"]
[Source "ChessBase"]
[SourceDate "1994.03.01"]
[SourceVersion "1"]
[SourceVersionDate "1994.03.01"]
[SourceQuality "1"]

1. d4 Nf6 2. c4 e6 3. Nf3 b6 4. g3 Ba6 5. b3 Bb4+ 6. Bd2 Be7 7. Nc3 0-0 8. Bg2 c6 9. Ne5 d5 10. cxd5 cxd5 11. 0-0 Nfd7 12. Rc1 Nxe5 13. dxe5 Qd7 14. Bf4 Nc6 15. Nxd5 exd5 16. Qxd5 Qxd5 17. Bxd5 Nd4 18. Bxa8 Nxe2+ 19. Kg2 Nxc1 20. Rxc1 Rxa8 21. Rc7 Bd8 22. Rd7 Bb5 23. Rd4 Bc7 24. a4 Bc6+ 25. Kf1 Rd8 0-1

[Event "Split op"]
[Site "Split"]
[Date "1992.??.??"]
[Round "?"]
[White "Zaja, Ivan"]
[Black "Jukic, Mirko"]
[Result "0-1"]
[WhiteElo "2375"]
[BlackElo "2455"]
[PlyCount "106"]
[EventDate "1992.??.??"]
[EventType "swiss"]
[EventRounds "9"]
[EventCountry "CRO"]
[SourceTitle "EXT 2004"]
[Source "ChessBase"]
[SourceDate "2003.11.25"]
[SourceVersion "1"]
[SourceVersionDate "2003.11.25"]
[SourceQuality "1"]

1. d4 Nf6 2. c4 e6 3. Nf3 b6 4. Nc3 Bb7 5. Bg5 h6 6. Bh4 Be7 7. e3 0-0 8. Bd3 d5 9. 0-0 Nbd7 10. Qe2 c5 11. Rfd1 Ne4 12. Bxe7 Qxe7 13. Nd2 Nxd2 14. Rxd2 cxd4 15. exd4 Nf6 16. Rad1 Rfd8 17. cxd5 Nxd5 18. Qe4 Nf6 19. Qe5 Rac8 20. Bc2 Nd5 21. Rd3 Qc7 22. Qxc7 Rxc7 23. Rc1 Nf4 24. Rd2 Bxg2 25. Ne2 Nxe2+ 26. Rxe2 Bf3 27. Re3 Rdc8 28. Rxf3 Rxc2 29. Rxc2 Rxc2 30. Ra3 Rxb2 31. Rxa7 Rd2 32. Rb7 Rxa2 33. Rxb6 Ra4 34. Rb8+ Kh7 35. Rd8 Kg6 36. d5 Rd4 37. d6 Kf6 38. Rd7 e5 39. Kg2 h5 40. h3 g5 41. Kf1 g4 42. hxg4 hxg4 43. Kg2 Rd3 44. Kg1 Kg6 45. Re7 f6 46. d7 Kg5 47. Kf1 Kf4 48. Ke2 e4 49. Rg7 f5 50. Re7 Kg5 51. Rf7 Kg6 52. Re7 Kf6 53. Rh7 Ke6 0-1

[Event "YUG-Cup 34th"]
[Site "Pula"]
[Date "1991.05.18"]
[Round "5"]
[White "Tosic, Miroslav"]
[Black "Jukic, Mirko"]
[Result "0-1"]
[WhiteElo "2375"]
[BlackElo "2460"]
[PlyCount "113"]
[EventDate "1991.??.??"]
[EventType "team-tourn"]
[EventRounds "5"]
[EventCountry "YUG"]
[SourceTitle "TD"]
[Source "ChessBase"]
[SourceDate "1994.03.01"]
[SourceVersion "1"]
[SourceVersionDate "1994.03.01"]
[SourceQuality "1"]
[WhiteTeam "Belgrade Partizan"]
[BlackTeam "SSK"]
[WhiteTeamCountry "YUG"]
[BlackTeamCountry "YUG"]

1. Nf3 c5 2. c4 Nf6 3. Nc3 Nc6 4. g3 d5 5. cxd5 Nxd5 6. Bg2 Nc7 7. 0-0 e5 8. d3 Be7 9. Be3 0-0 10. Rc1 Bd7 11. Nd2 Rb8 12. a3 Nd4 13. Nc4 f6 14. Ne4 Bg4 15. Re1 Kh8 16. Bd2 b6 17. Bc3 a5 18. Ne3 Be6 19. Nd2 Qd7 20. a4 Rfd8 21. Ndc4 Bf8 22. Rf1 Re8 23. b3 Na6 24. Rb1 Nb4 25. Rb2 Bf7 26. Qd2 Bh5 27. Re1 f5 28. f4 exf4 29. gxf4 Qe6 30. Kh1 Be7 31. Bxb4 axb4 32. Nd5 Bh4 33. Ne5 Qh6 34. Rf1 Nxe2 35. Qe3 Nd4 36. Qh3 Bd8 37. Rg1 Bg6 38. Qxh6 gxh6 39. Bh3 Bh5 40. Bg2 Bh4 41. Ne3 Bf6 42. N3c4 Re7 43. Bd5 Ne2 44. Rxe2 Bxe2 45. Rg3 Rd8 46. Nf7+ Rxf7 47. Bxf7 Bh4 48. Rh3 Bf2 49. Kg2 Bd4 50. Rg3 h5 51. Ne5 Bg4 52. h4 Rf8 53. Nxg4 hxg4 54. Bc4 Re8 55. Kf1 h5 56. Rg2 Kg7 57. Re2 0-1